LEADER 03382nam 22006375 450 001 996449446503316 005 20190723020930.0 010 $a1-282-71423-6 010 $a9786612714238 010 $a3-11-021400-8 024 7 $a10.1515/9783110214000 035 $a(CKB)2480000000000137 035 $a(EBL)511920 035 $a(OCoLC)624675369 035 $a(SSID)ssj0000588694 035 $a(PQKBManifestationID)11373346 035 $a(PQKBTitleCode)TC0000588694 035 $a(PQKBWorkID)10651540 035 $a(PQKB)11639905 035 $a(MiAaPQ)EBC511920 035 $a(WaSeSS)Ind00008533 035 $a(DE-B1597)35967 035 $a(OCoLC)979588263 035 $a(OCoLC)987928928 035 $a(OCoLC)992523741 035 $a(DE-B1597)9783110214000 035 $a(EXLCZ)992480000000000137 100 $a20190723d2009 fg 101 0 $ager 135 $aur|n|---||||| 181 $ctxt 182 $cc 183 $acr 200 14$aDer Anfang vom Ende der Ottonen $eKonstitutionsbedingungen historiographischer Nachrichten in der Chronik Thietmars von Merseburg /$fKerstin Schulmeyer-Ahl 210 1$aBerlin ;$aBoston : $cDe Gruyter, $d[2009] 210 4$d©2009 215 $a1 online resource (471 p.) 225 0 $aMillennium-Studien / Millennium Studies ;$v26 300 $aDescription based upon print version of record. 311 $a3-11-019100-8 327 $t Frontmatter -- $tInhaltsverzeichnis -- $t1. Einleitung: Lesarten ottonischer Historiographie -- $t2. Die Zeit der sächsischen Kaiser: Über die Willkür historiographischer Epochenbildung -- $t3. adde et tolle - Historiographie zwischen Geschichtsexegese und Gegenwartschronistik -- $t4. Zwischensumme: Konstitutionsbedingungen historiographischer Nachrichten -- $t5. Konstitutionsbedingungen historiographischer Nachrichten: Zwei Beispiele -- $t6. Die Zeit der sächsischen Kaiser: Vision und Revision -- $t7. Das Ende vom Anfang: Die Dynamik historischen Wissens -- $t Backmatter 330 $aIn der Chronik Thietmars von Merseburg fließen die Erfahrungen und Probleme des zehnten und frühen elften Jahrhunderts zusammen, sie werden in ihr aufgegriffen und zu einer Epoche geformt: Die "Zeit der sächsischen Kaiser" - sie ist Thietmars historiographische Schöpfung. Periodisierung, aber auch zeitgenössische Hermeneutik und Kognitionsformen sind konstitutive Faktoren für die Entstehung historiographischer Nachrichten. In dieser Gesamtdeutung der Chronik des Merseburger Bischofs wird historisches Wissen konsequent als Produkt eines dynamischen Prozesses, als Wechselspiel kultureller und kognitiver Faktoren in einer je spezifischen historischen Situation verstanden. Auf der Basis dieses dynamischen Wissensbegriffs gelingt es, zentrale Episoden der ottonischen Geschichtsschreibung neu zu deuten und zugleich das Zukunftspotential von Vergangenheitsbildern aufscheinen zu lassen. 410 0$aMillennium-Studien ;$vBand 26. 606 $aHistoriography$zGermany 610 $aChronicle. 610 $aOttonian. 610 $aThietmar of Merseburg. 615 0$aHistoriography 676 $a943/.022 700 $aSchulmeyer-Ahl$b Kerstin, $01070277 801 0$bDE-B1597 801 1$bDE-B1597 906 $aBOOK 912 $a996449446503316 996 $aDer Anfang vom Ende der Ottonen$92558110 997 $aUNISA LEADER 02220nam 22005775u 450 001 9910158723203321 005 20211006145132.0 010 $a9783318039481 010 $a3318039489 035 $a(CKB)3780000000101776 035 $a(OCoLC)1046108942 035 $a(SZ-BaSKA)222203 035 $a(MiAaPQ)EBC31866225 035 $a(Au-PeEL)EBL31866225 035 $a(EXLCZ)993780000000101776 100 $a20211006d1992 uy 0 101 0 $aeng 135 $aurunu||||| 181 $ctxt$2rdacontent 182 $cc$2rdamedia 183 $acr$2rdacarrier 200 10$aMuscle Fatigue Mechanisms in Exercise and Training : $e4th International Symposium on Exercise and Sport Biology, Nice, November 1990: Proceedings / $f editors, P. Marconnet, P.V. Komi, B. Saltin, O.M. Sejersted 205 $a1st ed. 210 $aBasel : $cS. Karger, $d1992 215 $a1 online resource (VIII + 244 pages) : $c 92 figures, 19 tables 225 1 $aIssn Series 311 08$a9783805554831 311 08$a3805554834 327 $a978-3-8055-5483-1_Cover -- 978-3-8055-5483-1_00I -- 978-3-8055-5483-1_001 -- 978-3-8055-5483-1_011 -- 978-3-8055-5483-1_020 -- 978-3-8055-5483-1_043 -- 978-3-8055-5483-1_054 -- 978-3-8055-5483-1_069 -- 978-3-8055-5483-1_087 -- 978-3-8055-5483-1_115 -- 978-3-8055-5483-1_131 -- 978-3-8055-5483-1_140 -- 978-3-8055-5483-1_162 -- 978-3-8055-5483-1_172 -- 978-3-8055-5483-1_182 -- 978-3-8055-5483-1_195 -- 978-3-8055-5483-1_207 -- 978-3-8055-5483-1_218 -- 978-3-8055-5483-1_239. 410 0$aIssn Series 606 $aSocial Medicine 606 $aPreventive Medicine 606 $aSports Medicine 606 $aBiochemistry 606 $aBiology for Physicians 606 $aPhysiology 615 14$aSocial Medicine 615 14$aPreventive Medicine 615 14$aSports Medicine 615 24$aBiochemistry 615 24$aBiology for Physicians 615 24$aPhysiology 676 $a612.7/44 700 $aMarconnet$b P 701 0$aMarconnet$b P$g(Pierre)$01215398 801 0$bUKSKG 801 1$bUKSKG 906 $aBOOK 912 $a9910158723203321 996 $aMuscle Fatigue Mechanisms in Exercise and Training$92808308 997 $aUNINA